MARC

LEADER 00000nas a2200000 a 4500
001 ssj0002712
003 WaSeSS
005 20200512172242.0
006 m d
007 cr n
008 870903c19859999oncbr p s 0 a0eng
010 |a cn 87031689  
015 |a 870316893  |2 can 
016 |a (AMICUS)000005607787 
016 7 |a 9886679  |2 DNLM 
016 7 |a SR0075136  |2 DNLM 
016 7 |a 007181926  |2 Uk 
016 |a 870316893 
022 |y 0827-4576 
035 |a (WaSeSS)ssj0002712 
037 |b Southam Magazine and Information Group, 1450 Don Mills Rd., Don Mills, Ont. M3B 2X7 
040 |a NLC  |b eng  |c NLC  |d OCLCO  |d OCLCF  |d CGC  |d NST  |d NYG  |d DLC  |d NLM  |d K6U  |d UKMGB  |d XFH  |d CUS  |d CAI  |d RDF  |d OCLCQ  |d WaSeSS 
042 |a nlc  |a isds/c 
043 |a n-cn--- 
055 0 1 |a RC963 
082 0 |a 363.1/1/05  |2 19 
084 |a cci1icc  |2 lacc 
210 0 |a OHS Can. 
222 0 |a OHS Canada 
245 0 0 |a OHS Canada  |h [electronic resource] :  |b occupational health & safety Canada. 
246 2 |a Occupational health and safety Canada 
246 3 0 |a Occupational health & safety Canada 
246 1 3 |a OH&S Canada 
260 |a Don Mills, Ont. :  |b Corpus Information Services,  |c [1985]- 
310 |a Bimonthly. 
362 0 |a Vol. 1, no. 1 (July/Aug. 1985)- 
500 |a Title from cover. 
500 |a On cover: "A Southam business publication". 
500 |a Subtitle varies. 
500 |a Imprint varies. 
506 |a License restrictions may limit access. 
515 |a Issue for July/Aug. 1985 also called premier issue. 
650 0 |a Industrial safety  |x Periodicals. 
650 0 |a Industrial hygiene  |x Periodicals. 
650 0 |a Industrial safety  |z Canada  |x Periodicals. 
650 0 |a Industrial hygiene  |z Canada  |x Periodicals. 
650 6 |a Sécurité du travail  |x Périodiques. 
650 6 |a Hygiène industrielle  |x Périodiques. 
650 6 |a Sécurité du travail  |z Canada  |x Périodiques. 
650 6 |a Hygiène industrielle  |z Canada  |x Périodiques. 
650 7 |a Industrial hygiene.  |2 fast  |0 (OCoLC)fst00971122 
650 7 |a Industrial safety.  |2 fast  |0 (OCoLC)fst00971664 
651 7 |a Canada.  |2 fast  |0 (OCoLC)fst01204310 
655 0 |a Electronic journals. 
710 2 |a Corpus Information Services. 
770 0 |t OHS Canada, The buyers' guide.:  |d [Don Mills, Ont. : Corpus Information Services, 1986]-  |x 0834-2873  |w (CaOONL)870310038  |w (OCoLC)16349489  |w (DLC)cn 87031003 
856 4 0 |z Full text available from Research Library: 01/01/1992 to 04/30/2011  |u https://search.proquest.com/publication/29936